| 000 | 00515nam a22001817a 4500 | ||
|---|---|---|---|
| 005 | 20251108173157.0 | ||
| 008 | 250721s2003 xx 000 0 ara d | ||
| 082 | 1 | 4 | _aق/ موم |
| 100 | 1 | _aموم، سومرست | |
| 245 | 1 | 0 | _aأنماط غريبة من الحب / |
| 264 | 1 |
_aدمشق : _bمنشورات دار علاء الدين، _c2003. |
|
| 300 | _a286ص | ||
| 650 | 1 | 7 | _aالأدب المترجم |
| 650 | 1 | 7 | _aالقصص |
| 700 | 1 |
_aباشا، علي _etran. |
|
| 942 |
_2ddc _cBK |
||
| 999 |
_c97814 _d97814 |
||